Statistiken für Größte Landkreise / Städte nach Bundesland

Klicken Sie hier um das Quiz zu spielen!

Allgemein

  • Dieses Quiz wurde 969 mal gespielt
  • Das Durchschnittsergebnis liegt bei 25 aus 69

Antwortstatistiken

Hint% Korrekt
Baden-WürttembergStuttgart
87%
BayernMünchen
82%
BayernMünchen Stadt
82%
BerlinBerlin
81%
NiedersachsenRegion Hannover
77%
BremenBremen
76%
HamburgHamburg
76%
SachsenLeipzig Stadt
76%
SachsenDresden
75%
Nordrhein-WestfalenKöln
75%
HessenFrankfurt am Main
72%
Mecklenburg-VorpommernLandkreis Rostock
72%
BayernNürnberg
72%
Nordrhein-WestfalenDüsseldorf
71%
Nordrhein-WestfalenDortmund
68%
ThüringenErfurt
68%
Schleswig-HolsteinKiel
67%
BrandenburgPotsdam
67%
Sachsen-AnhaltMagdeburg
65%
BremenBremerhaven
64%
Baden-WürttembergKarlsruhe
64%
SaarlandRegionalverband Saarbrücken
64%
BayernAugsburg Stadt
62%
Rheinland-PfalzMainz
58%
Sachsen-AnhaltHalle (Saale)
57%
ThüringenJena
52%
Mecklenburg-VorpommernVorpommern-Greifswald
39%
NiedersachsenOsnabrück
37%
SaarlandSaarlouis
37%
Mecklenburg-VorpommernVorpommern-Rügen
36%
HessenOffenbach
32%
NiedersachsenGöttingen
30%
SachsenZwickau
30%
Mecklenburg-VorpommernMecklenburgische Seenplatte
27%
SaarlandNeunkirchen
25%
Baden-WürttembergEsslingen
22%
Baden-WürttembergLudwigsburg
22%
SachsenMittelsachsen
21%
NiedersachsenHildesheim
20%
Baden-WürttembergRhein-Neckar-Kreis
20%
Schleswig-HolsteinPinneberg
19%
Rheinland-PfalzMainz-Bingen
18%
NiedersachsenEmsland
15%
ThüringenGotha
15%
Sachsen-AnhaltHarz
15%
Nordrhein-WestfalenRecklinghausen
14%
Schleswig-HolsteinSegeberg
14%
Mecklenburg-VorpommernLudwigslust-Parchim
13%
BrandenburgOberhavel
13%
HessenMain-Kinzig-Kreis
12%
SaarlandSaarpfalz-Kreis
12%
Nordrhein-WestfalenRhein-Sieg-Kreis
11%
BayernRosenheim
11%
Schleswig-HolsteinStormarn
11%
BrandenburgBarnim
10%
SachsenErzgebirgskreis
9%
BrandenburgPotsdam-Mittelmark
8%
Sachsen-AnhaltSaalekreis
8%
SaarlandMerzig-Wadern
7%
ThüringenSchmalkalden-Meiningen
7%
HessenDarmstadt-Dieburg
6%
Rheinland-PfalzMayen-Koblenz
6%
ThüringenWartburgkreis
6%
BrandenburgMärkisch-Oderland
5%
Sachsen-AnhaltSalzlandkreis
5%
Rheinland-PfalzNeuwied
4%
Schleswig-HolsteinRendsburg-Eckernförde
4%
HessenWetteraukreis
4%
Rheinland-PfalzWesterwaldkreis
1%

Verteilung der Resultate

Perzentil nach korrekt beantworteten Fragen

Anzahl Personen mit jedem Resultat

Ihre Resultats-Entwicklung

Sie haben dieses Quiz noch nicht gespielt